000 00261nam a22001217a 4500
008 170329b xxu||||| |||| 00| 0 eng d
041 _aeng
080 _a796.3
100 _a8
101 _aSHM
245 _aTOTAL FITNESS WELLNESS
_cPOWERS.S.K
942 _2udc
_cBK
999 _c8894
_d8894